Knowing Jesus through the Old Testament / (Record no. 1650)

MARC details
000 -LEADER
fixed length control field 01023pam a2200313 a 4500
001 - CONTROL NUMBER
control field 59854
003 - CONTROL NUMBER IDENTIFIER
control field GBCCL
005 - DATE AND TIME OF LATEST TRANSACTION
control field 20241126110406.0
008 - FIXED-LENGTH DATA ELEMENTS--GENERAL INFORMATION
fixed length control field 941117r19951992ilua b 000 0 eng
010 ## -
-- 94042149
020 ## - INTERNATIONAL STANDARD BOOK NUMBER
International Standard Book Number 0551026243
035 ## - SYSTEM CONTROL NUMBER
System control number (OCoLC)31656039
040 ## - CATALOGING SOURCE
Original cataloging agency DLC
Transcribing agency DLC
Modifying agency LBB
049 ## -
-- LBBK
-- 1-2
-- LBBC
050 00 -
-- BT230
-- .W84 1995
082 00 - DEWEY DECIMAL CLASSIFICATION NUMBER
Classification number 232.1
Edition information 20
Item number WRI
090 ## - LOCALLY ASSIGNED LC-TYPE CALL NUMBER (OCLC); LOCAL CALL NUMBER (RLIN)
Classification number (OCLC) (R) ; Classification number, CALL (RLIN) (NR) BT230
Local cutter number (OCLC) ; Book number/undivided call number, CALL (RLIN) .W84 1995
100 1# - MAIN ENTRY--PERSONAL NAME
Personal name Wright, Christopher J. H.,
Dates associated with a name 1947-
9 (RLIN) 47
245 10 - TITLE STATEMENT
Title Knowing Jesus through the Old Testament /
Statement of responsibility, etc. Christopher J.H. Wright.
260 ## - PUBLICATION, DISTRIBUTION, ETC.
Place of publication, distribution, etc. London :
Name of publisher, distributor, etc. Marshall,
Date of publication, distribution, etc. [1995]
300 ## - PHYSICAL DESCRIPTION
Extent xi, 256 p. :
Other physical details ill. ;
Dimensions 21 cm.
500 ## - GENERAL NOTE
General note Originally published: England : Marshall Pickering, 1992.
504 ## - BIBLIOGRAPHY, ETC. NOTE
Bibliography, etc. note Includes bibliographical references (p. 253-256).
600 00 - SUBJECT ADDED ENTRY--PERSONAL NAME
Personal name Jesus Christ
General subdivision Messiahship.
9 (RLIN) 304
600 00 - SUBJECT ADDED ENTRY--PERSONAL NAME
Personal name Jesus Christ
General subdivision Genealogy.
9 (RLIN) 3385
600 00 - SUBJECT ADDED ENTRY--PERSONAL NAME
Personal name Jesus Christ
General subdivision Historicity.
9 (RLIN) 2212
630 00 - SUBJECT ADDED ENTRY--UNIFORM TITLE
Uniform title Bible.
Name of part/section of a work O.T.
General subdivision Criticism, interpretation, etc.
9 (RLIN) 1172
942 ## - ADDED ENTRY ELEMENTS (KOHA)
Source of classification or shelving scheme Dewey Decimal Classification
Koha item type Books
Koha issues (borrowed), all copies 8
Holdings
Withdrawn status Lost status Source of classification or shelving scheme Damaged status Not for loan Home library Current Library Shelving location Date acquired Total checkouts Full call number Barcode Date last seen Date last checked out Copy number Price effective from Koha item type Total renewals
    Dewey Decimal Classification     GRACE BIBLE COLLEGE GRACE BIBLE COLLEGE Theology 2017-05-10 3 232.1 WRI 003979 2025-09-02 2025-08-29 c.1 2017-05-10 Books  
    Dewey Decimal Classification     GRACE BIBLE COLLEGE GRACE BIBLE COLLEGE Theology 2017-05-10 1 232.1 WRI 003980 2025-05-01 2024-01-08 c.2 2017-05-10 Books 1
    Dewey Decimal Classification     GRACE BIBLE COLLEGE GRACE BIBLE COLLEGE Theology 2017-05-10   232.1 WRI 003981 2025-05-01   c.3 2017-05-10 Books  
    Dewey Decimal Classification     GRACE BIBLE COLLEGE GRACE BIBLE COLLEGE Theology 2018-07-23 1 232.1 WRI 003990 2025-05-01 2019-10-15 c.4 2018-07-23 Books  
    Dewey Decimal Classification     GRACE BIBLE COLLEGE GRACE BIBLE COLLEGE Theology 2018-07-23 4 232.1 WRI 003991 2025-05-01 2024-01-08 c.5 2018-07-23 Books  
© Grace Bible College Library 2025